| 000 | 00753nam a2200253Ia 4500 | ||
|---|---|---|---|
| 003 | OSt | ||
| 005 | 20221005103922.0 | ||
| 006 | a|||||r|||| 00| 0 | ||
| 007 | ta | ||
| 008 | 221004b |||||||| |||| 00| 0 hin d | ||
| 024 | _a31978 | ||
| 037 | _cTextual | ||
| 040 |
_aCRL _cCRL _bhin |
||
| 041 |
_2hin _ahin |
||
| 082 | _aO152,3N17,1, M6 | ||
| 100 | _aमाचवे, प्रभाकर | ||
| 245 | 0 | _aद्वाभा | |
| 246 | _aDvābhā | ||
| 260 |
_aदिल्ली _bकिताबघर भारत _c1986 |
||
| 300 |
_a115पृ. _ccm. |
||
| 650 | _aहिन्दी कहानी | ||
| 942 |
_hO152,3N17,1, M6 _cTEXL _2cc |
||
| 999 |
_c1011271 _d1011271 |
||